000 00523nam a22001937a 4500
003 UA-OsUOA
001 42482
007 ta
008 20090206b un ||||| |||| 00| 0 ukr d
090 _a94(477).152(К)
942 _cAV
040 _aUA-OsUOA
_bfre
_cUA-OsUOA
_dUA-OsUOA
245 _aO Canada. The Royal Canadian Mounted Police Band plays // Пластинка
955 _a4
041 _afre
080 _a94(477).152(К)
650 7 _a9 Географія. Біографії. Історія
_2UDC
999 _c440982
_d440982